| 000 | 00536nam a2200193Ia 4500 | ||
|---|---|---|---|
| 003 | GCL | ||
| 008 | 140319s9999 xx 000 0 eng d | ||
| 040 |
_aGCL / _cGCL |
||
| 082 | 0 | 4 |
_a371.9 _bD C |
| 100 | 1 | _aDOCKRELL, JULIE | |
| 245 | 1 | 0 |
_aCHILDREN'S LEARNING DIFFICULTIES A COGNITIVE APPROACH / _cDOCKRELL, JULIE |
| 700 | 1 | _aMC SHANE, JOHN | |
| 260 |
_a[S.N] : _bBLACKWELL ، _c1992 |
||
| 300 | _a245 P | ||
| 650 | 0 | 4 | _aLEARNING DISABILITIES |
| 650 | 0 | 4 | _aCOGNITION IN CHILDERN |
| 650 | 0 | 4 | _aCHILDREN - LEARNING |
| 942 |
_2ddc _cBK |
||
| 999 |
_c23806 _d23806 |
||